| 000 | 00646nam a2200217Ia 4500 | ||
|---|---|---|---|
| 001 | 5276 | ||
| 003 | GE_BSU | ||
| 008 | 181216s||||||||xx |||||||||||||| ||und|| | ||
| 040 | _cGE_BSU | ||
| 080 | _a51(072) | ||
| 100 | _aГерманович П.Ю | ||
| 245 | _aСборник задач по математике на сообразительность. | ||
| 245 | _bПособие для учителей | ||
| 245 | _cРед. Н.И. Лепешкина | ||
| 260 | _aМ., | ||
| 260 | _bУчпедгиз | ||
| 260 | _c1960 | ||
| 300 | _a224с. 20 см. | ||
| 653 | _aСборник задач по математике | ||
| 942 | _cBK | ||
| 999 |
_c38863 _d38863 |
||